-ude Definitions Quiz Stats

 Plays Quiz Updated Mar 8, 2018

Also try: -art Definitions
Challenge
Share
Tweet
Embed
Score 0/15 Timer 03:00
10 Plays Today
% Correct
Servitude
92.8%
Ineptitude
90.8%
Prelude
90.8%
Allude
90.4%
Include
89.7%
Crude
88.9%
Collude
88.5%
Attitude
86.3%
% Correct
Exude
85.6%
Rude
84.5%
Obtrude
77.6%
Schadenfreude
66.8%
Verisimilitude
64.6%
Vicissitude
56.9%
Hebetude
46.4%

You're not logged in!

Compare scores with friends on all Sporcle quizzes.
OR
Log In

You Might Also Like...

Show Comments

Extras

Top Quizzes Today


Score Distribution

Your Account Isn't Verified!

In order to create a playlist on Sporcle, you need to verify the email address you used during registration. Go to your Sporcle Settings to finish the process.

Report this User

Report this user for behavior that violates our Community Guidelines.

Details: